[Event "Lasker Memorial op"]
[Site "Barlinek"]
[Date "2002.07.25"]
[Round "7"]
[White "Gushpit, Iaroslav"]
[Black "Ivanov, Andrey A"]
[Result "1/2-1/2"]
[WhiteElo "2221"]
[BlackElo "2324"]
[PlyCount "101"]
[EventDate "2002.07.19"]
[EventType "swiss"]
[EventRounds "9"]
[EventCountry "POL"]
[SourceTitle "CBM 089 Extra"]
[Source "ChessBase"]
[SourceDate "2002.09.10"]
[SourceVersion "2"]
[SourceVersionDate "2002.09.10"]
[SourceQuality "1"]

1. e4 e6 2. d3 d5 3. Nd2 Nf6 4. Ngf3 Bc5 5. Be2 dxe4 6. Nxe4 Nxe4 7. dxe4 Qxd1+ 8. Bxd1 Nc6 9. Bf4 Bb6 10. 0-0 f6 11. Re1 e5 12. Be3 Be6 13. c3 0-0-0 14. Bxb6 cxb6 15. Bb3 Bxb3 16. axb3 Rd3 17. Rad1 Rhd8 18. Rxd3 Rxd3 19. Kf1 Na5 20. Ke2 Rd7 21. Nd2 b5 22. h4 h5 23. g3 Kb8 24. f4 Nc6 25. Ra1 a6 26. Ke3 Kc7 27. b4 Re7 28. Nf3 Re6 29. Rd1 Rd6 30. Rf1 Re6 31. Ne1 Kd8 32. Nd3 Ke8 33. Nc5 Re7 34. Rd1 a5 35. bxa5 Nxa5 36. f5 Nc4+ 37. Kf3 Nxb2 38. Rd5 Na4 39. Ne6 Rd7 40. Rxd7 Kxd7 41. Nxg7 Nxc3 42. Ke3 b4 43. Kd3 Nd1 44. Nxh5 Nf2+ 45. Kc4 Nxe4 46. g4 Ke7 47. Kxb4 Nf2 48. g5 fxg5 49. hxg5 Ne4 50. g6 Kf8 51. f6 1/2-1/2

[Event "Lasker Memorial op"]
[Site "Barlinek"]
[Date "2002.07.22"]
[Round "4"]
[White "Tomczak, Rafal"]
[Black "Gushpit, Iaroslav"]
[Result "1-0"]
[WhiteElo "2341"]
[BlackElo "2221"]
[PlyCount "81"]
[EventDate "2002.07.19"]
[EventType "swiss"]
[EventRounds "9"]
[EventCountry "POL"]
[SourceTitle "CBM 089 Extra"]
[Source "ChessBase"]
[SourceDate "2002.09.10"]
[SourceVersion "2"]
[SourceVersionDate "2002.09.10"]
[SourceQuality "1"]

1. e4 e6 2. d4 d5 3. Nd2 Nc6 4. Ngf3 Nf6 5. e5 Nd7 6. Bb5 a5 7. 0-0 Na7 8. Bd3 b5 9. c3 c5 10. Re1 Be7 11. Nf1 c4 12. Bc2 Ba6 13. Ng3 h5 14. Nd2 g6 15. f4 Nf8 16. Nf3 Nc6 17. b3 Rb8 18. bxc4 bxc4 19. Nf1 Kd7 20. Ne3 Kc7 21. Ng5 Qe8 22. Qf3 Nh7 23. Nh3 Bf8 24. f5 gxf5 25. Nf4 Ng5 26. Nexd5+ Kc8 27. Qg3 Ne4 28. Bxe4 fxe4 29. Nf6 Qd8 30. Rxe4 Bb7 31. Qh3 Kc7 32. d5 Nxe5 33. Nxe6+ fxe6 34. Qxe6 Bc5+ 35. Be3 Bxe3+ 36. Rxe3 Nd7 37. d6+ Kc6 38. Qxc4+ Kb6 39. Nxd7+ Qxd7 40. Rb1+ Ka7 41. Qc5+ 1-0

[Event "UKR-ch"]
[Site "Sevastopol"]
[Date "2000.??.??"]
[Round "3"]
[White "Drozdovskij, Yuri"]
[Black "Gushpit, Iaroslav"]
[Result "1-0"]
[WhiteElo "2415"]
[BlackElo "2300"]
[PlyCount "127"]
[EventDate "2000.??.??"]
[EventType "swiss"]
[EventRounds "9"]
[EventCountry "UKR"]
[SourceTitle "EXT 2001"]
[Source "ChessBase"]
[SourceDate "2000.11.22"]
[SourceVersion "1"]
[SourceVersionDate "2000.11.22"]
[SourceQuality "1"]

1. d4 e6 2. c4 Nf6 3. Nc3 Bb4 4. Qc2 c5 5. dxc5 Bxc5 6. Nf3 h6 7. Bf4 Nh5 8. Bd2 Nc6 9. e3 d6 10. Be2 Nf6 11. 0-0 0-0 12. Na4 e5 13. Nxc5 dxc5 14. Bc3 Qe7 15. Nd2 Bg4 16. Bxg4 Nxg4 17. Qf5 Nf6 18. Nf3 Rfe8 19. Rfd1 Qe6 20. Qxe6 Rxe6 21. b3 Kf8 22. h3 Ke7 23. Kf1 b6 24. Rd5 e4 25. Ng1 Rd8 26. Rxd8 Kxd8 27. Rd1+ Kc7 28. Ne2 Ne8 29. g4 f6 30. Ng3 a6 31. a4 a5 32. Ke2 Ne7 33. h4 Nd6 34. Nh5 Ne8 35. Rg1 g6 36. Nf4 Rd6 37. g5 hxg5 38. hxg5 fxg5 39. Rxg5 Rc6 40. Re5 Kd7 41. Rg5 Nc7 42. Rg4 g5 43. Nh5 Rg6 44. Nf6+ Ke6 45. Rxe4+ Kf7 46. Nd7 Rh6 47. Rg4 Kg6 48. Ne5+ Kf5 49. e4+ Ke6 50. Rxg5 Rh1 51. f4 Ne8 52. f5+ Kf6 53. Nf3+ Kf7 54. Rg1 Rxg1 55. Nxg1 Nd6 56. Kd3 Nexf5 57. exf5 Nxf5 58. Be5 Ne7 59. Bc7 Nc8 60. Ne2 Ke6 61. Nc3 Kd7 62. Nd5 Kc6 63. Bxb6 Nxb6 64. Nxb6 1-0

[Event "UKR ol"]
[Site "Alushta"]
[Date "1999.??.??"]
[Round "?"]
[White "Gladyszev, Oleg"]
[Black "Gushpit, Iaroslav"]
[Result "1/2-1/2"]
[WhiteElo "2388"]
[BlackElo "2300"]
[PlyCount "99"]
[EventDate "1999.05.12"]
[EventType "team"]
[EventRounds "11"]
[EventCountry "UKR"]
[SourceTitle "EXT 2001"]
[Source "ChessBase"]
[SourceDate "2000.11.22"]
[SourceVersion "1"]
[SourceVersionDate "2000.11.22"]
[SourceQuality "1"]

1. d4 Nf6 2. Nf3 e6 3. g3 c5 4. c4 cxd4 5. Nxd4 Bb4+ 6. Bd2 Bxd2+ 7. Qxd2 Ne4 8. Qc2 Qa5+ 9. Nd2 Nxd2 10. Qxd2 Qxd2+ 11. Kxd2 Nc6 12. Nb5 Ke7 13. Bg2 b6 14. Rhd1 a6 15. Nc3 Rb8 16. Bxc6 dxc6 17. Ke3 c5 18. Ne4 Bb7 19. Nd6 Bc6 20. Rd2 g5 21. Ne4 h6 22. Rad1 Rhc8 23. f3 f5 24. Nc3 b5 25. cxb5 axb5 26. a3 b4 27. Nb1 Ba4 28. Rc1 e5 29. Rd5 Ke6 30. Rcxc5 Rxc5 31. Rxc5 bxa3 32. Nxa3 f4+ 33. Kf2 Kd6 34. Ra5 Rb4 35. Nb1 Bb5 36. Nc3 Bc6 37. Ra6 Rxb2 38. Ne4+ Kc7 39. Ra7+ Kb8 40. Re7 Bxe4 41. fxe4 g4 42. Rxe5 f3 43. Rh5 Rxe2+ 44. Kf1 Rxe4 45. Rxh6 Ra4 46. Rh4 Kc7 47. h3 Ra1+ 48. Kf2 Ra2+ 49. Kf1 Ra1+ 50. Kf2 1/2-1/2

[Event "UKR ol"]
[Site "Alushta"]
[Date "1999.??.??"]
[Round "?"]
[White "Gushpit, Iaroslav"]
[Black "Berezin, Oleg"]
[Result "1/2-1/2"]
[WhiteElo "2300"]
[BlackElo "2451"]
[PlyCount "20"]
[EventDate "1999.05.12"]
[EventType "team"]
[EventRounds "11"]
[EventCountry "UKR"]
[SourceTitle "EXT 2001"]
[Source "ChessBase"]
[SourceDate "2000.11.22"]
[SourceVersion "1"]
[SourceVersionDate "2000.11.22"]
[SourceQuality "1"]

1. e4 c6 2. Nc3 d5 3. d4 dxe4 4. Nxe4 Nd7 5. Nf3 Ngf6 6. Nxf6+ Nxf6 7. Bd3 Bg4 8. c3 e6 9. 0-0 Be7 10. h3 Bxf3 1/2-1/2

[Event "UKR ol"]
[Site "Alushta"]
[Date "1999.??.??"]
[Round "?"]
[White "Gushpit, Iaroslav"]
[Black "Sevostianov, Pavel"]
[Result "1-0"]
[WhiteElo "2300"]
[BlackElo "2365"]
[PlyCount "47"]
[EventDate "1999.05.12"]
[EventType "team"]
[EventRounds "11"]
[EventCountry "UKR"]
[SourceTitle "EXT 2001"]
[Source "ChessBase"]
[SourceDate "2000.11.22"]
[SourceVersion "1"]
[SourceVersionDate "2000.11.22"]
[SourceQuality "1"]

1. e4 d6 2. d4 Nf6 3. Nc3 g6 4. Bf4 Bg7 5. Qd2 0-0 6. Bh6 Nbd7 7. Bxg7 Kxg7 8. Nf3 e5 9. 0-0-0 Qe7 10. h4 Re8 11. h5 gxh5 12. g4 exd4 13. Nxd4 Nc5 14. f3 Be6 15. g5 Nfd7 16. Rxh5 Nb6 17. Bb5 Rh8 18. Nd5 Nxd5 19. exd5 Bd7 20. Re1 Qd8 21. b4 Na6 22. Qf4 Nxb4 23. Bxd7 Qxd7 24. Qf6+ 1-0

[Event "UKR-chT"]
[Site "Alushta"]
[Date "1998.??.??"]
[Round "?"]
[White "Gushpit, Iaroslav"]
[Black "Fedorchuk, Sergey A"]
[Result "0-1"]
[WhiteElo "2335"]
[BlackElo "2345"]
[PlyCount "120"]
[EventDate "1998.??.??"]
[EventType "team"]
[EventRounds "10"]
[EventCountry "UKR"]
[SourceTitle "EXT 2000"]
[Source "ChessBase"]
[SourceDate "1999.11.16"]
[SourceVersion "1"]
[SourceVersionDate "1999.11.16"]
[SourceQuality "1"]

1. e4 c5 2. Nf3 d6 3. Bb5+ Nd7 4. c4 Ngf6 5. Nc3 e6 6. 0-0 a6 7. Ba4 Be7 8. d4 cxd4 9. Qxd4 0-0 10. Bg5 Qc7 11. Bxd7 Bxd7 12. Rac1 Rfd8 13. Rfd1 Rac8 14. b3 Qa5 15. Qd2 Kf8 16. Qf4 b5 17. e5 dxe5 18. Nxe5 Be8 19. Ne4 Rxd1+ 20. Rxd1 Rd8 21. Rf1 Rd4 22. f3 bxc4 23. Nxc4 Qd8 24. Qe3 Bb5 25. Nxf6 gxf6 26. Bh6+ Ke8 27. Qe2 Qc7 28. Be3 Bxc4 29. bxc4 Rxc4 30. Kh1 Bd6 31. Bg1 Qc6 32. Rd1 Ke7 33. Qd3 h5 34. Bf2 Rc1 35. Bg3 Rxd1+ 36. Qxd1 Bxg3 37. hxg3 Qd6 38. Qe1 Qe5 39. Qf2 Kf8 40. Kg1 Kg7 41. f4 Qa1+ 42. Kh2 Qb1 43. Qe2 Qb5 44. Qf3 Qf5 45. Qa3 Qb5 46. Qf3 Qd5 47. Qe2 a5 48. a4 Kf8 49. Qc2 Qd4 50. Qc6 Qb4 51. Qc8+ Kg7 52. Qd7 h4 53. Kh3 hxg3 54. Kxg3 Qe4 55. Qd1 Qe3+ 56. Qf3 Qxf3+ 57. Kxf3 Kg6 58. Ke4 Kh5 59. Kd4 Kg4 60. Kc4 e5 0-1

[Event "UKR-chT"]
[Site "Alushta"]
[Date "1998.??.??"]
[Round "?"]
[White "Shemeakin, Alexander"]
[Black "Gushpit, Iaroslav"]
[Result "0-1"]
[WhiteElo "2325"]
[BlackElo "2335"]
[PlyCount "56"]
[EventDate "1998.??.??"]
[EventType "team"]
[EventRounds "10"]
[EventCountry "UKR"]
[SourceTitle "EXT 2000"]
[Source "ChessBase"]
[SourceDate "1999.11.16"]
[SourceVersion "1"]
[SourceVersionDate "1999.11.16"]
[SourceQuality "1"]

1. d4 e6 2. g3 Nf6 3. Bg2 c5 4. Nf3 Nc6 5. 0-0 d5 6. b3 Be7 7. Bb2 0-0 8. Nbd2 b5 9. dxc5 Bxc5 10. c4 bxc4 11. bxc4 Bd7 12. cxd5 Nxd5 13. Rc1 Be7 14. Nc4 Be8 15. Nfe5 Nxe5 16. Bxe5 f6 17. Ba1 Rb8 18. e4 Nb6 19. Bh3 e5 20. Be6+ Kh8 21. Qg4 Nxc4 22. Rxc4 Qb6 23. Rfc1 Bh5 24. Qh3 Ba3 25. Re1 Be8 26. Bf5 g6 27. Bd7 Rd8 28. Rc6 Bxd7 0-1

[Event "MK Cafe Cup-A"]
[Site "Koszalin"]
[Date "1997.08.07"]
[Round "6"]
[White "Gushpit, Iaroslav"]
[Black "Grinfeld, Alla B"]
[Result "1/2-1/2"]
[WhiteElo "2345"]
[BlackElo "2275"]
[PlyCount "127"]
[EventDate "1997.08.03"]
[EventType "swiss"]
[EventRounds "10"]
[EventCountry "POL"]
[SourceTitle "CBM 059 Extra"]
[Source "ChessBase"]
[SourceDate "1997.09.26"]
[SourceVersion "1"]
[SourceVersionDate "1997.09.26"]
[SourceQuality "1"]

1. e4 e6 2. d3 d5 3. Nd2 c5 4. g3 Nc6 5. Bg2 g6 6. Ne2 Nge7 7. 0-0 Bg7 8. h4 h5 9. Nf4 d4 10. a4 b6 11. Nc4 Ne5 12. Nxe5 Bxe5 13. Nh3 Bb7 14. Bg5 Bg7 15. Bxe7 Qxe7 16. f4 0-0 17. e5 a6 18. Ng5 Bxg2 19. Kxg2 f6 20. exf6 Bxf6 21. Ne4 Kg7 22. Qe2 Rae8 23. Rae1 Qb7 24. b3 Qd5 25. Kh2 Bd8 26. Nd2 Rf5 27. Qe4 Qd7 28. Nf3 Bf6 29. Nd2 Qc7 30. Qg2 Kf7 31. Re2 Bd8 32. Nf3 Bf6 33. Rfe1 Re7 34. Ne5+ Bxe5 35. Rxe5 a5 36. Qa8 Re8 37. Qf3 Qd7 38. g4 hxg4 39. Qxg4 Rg8 40. Rxe6 Qxe6 41. Rxe6 Kxe6 42. Kg3 Kf7 43. Qf3 Rf6 44. Qb7+ Kf8 45. Kg4 Rg7 46. Qc8+ Kf7 47. Qd8 Rh7 48. Qd7+ Kg8 49. Qe8+ Kg7 50. Qe7+ Rf7 51. Qe5+ Rf6 52. b4 axb4 53. a5 bxa5 54. Qe7+ Rf7 55. Qe5+ Rf6 56. Qe7+ Rf7 57. Qxc5 Rh5 58. Qxd4+ Kh7 59. Kg3 Rhf5 60. Qa1 R7f6 61. d4 Rf7 62. Qa2 Rxf4 63. Qxa5 Rxd4 64. h5 1/2-1/2